The United States Congress : (Record no. 42310)
[ view plain ]
| 000 -LEADER | |
|---|---|
| fixed length control field | 00780nam a2200253 a 4500 |
| 001 - CONTROL NUMBER | |
| control field | 42310 |
| 003 - CONTROL NUMBER IDENTIFIER | |
| rucl marc code | BD-RjUL |
| 005 - DATE AND TIME OF LATEST TRANSACTION | |
| control field | 20211209053525.0 |
| 008 - FIXED-LENGTH DATA ELEMENTS--GENERAL INFORMATION | |
| fixed length control field | 160611s1982 ilua b 101 0 eng |
| 020 ## - INTERNATIONAL STANDARD BOOK NUMBER | |
| International Standard Book Number | 0256026637 |
| 035 ## - SYSTEM CONTROL NUMBER | |
| System control number | (BD-RjUL)42428 |
| 040 ## - CATALOGING SOURCE | |
| Original cataloging agency | DLC |
| Transcribing agency | DLC |
| Language of cataloging | eng |
| 041 ## - LANGUAGE CODE | |
| Language code of text/sound track or separate title | eng |
| 082 ## - DEWEY DECIMAL CLASSIFICATION NUMBER | |
| Classification number | 328.73 |
| Author mark and year | JOU 1982 |
| 090 ## - LOCALLY ASSIGNED LC-TYPE CALL NUMBER (OCLC); LOCAL CALL NUMBER (OCLC) | |
| Classification number (OCLC) (R) ; Classification number, CALL (RLIN) (NR) | JK1061 |
| Local cutter number (OCLC) ; Book number/undivided call number, CALL (RLIN) | .J64 1982 |
| 100 10 - MAIN ENTRY--PERSONAL NAME | |
| Personal name | Jones, Charles O. |
| 9 (RLIN) | 130113 |
| 245 14 - TITLE STATEMENT | |
| Title | The United States Congress : |
| Remainder of title | people, place, and policy / |
| Statement of responsibility, etc. | Charles O. Jones. |
| 260 ## - PUBLICATION, DISTRIBUTION, ETC. (IMPRINT) | |
| Place of publication, distribution, etc. | Homewood, Ill : |
| Name of publisher, distributor, etc. | Dorsey Press, |
| Date of publication, distribution, etc. | 1982. |
| 300 ## - PHYSICAL DESCRIPTION | |
| Pagination | xxi, 477 p. : |
| Illustrations | ill ; |
| Size | 25 cm. |
| 504 ## - BIBLIOGRAPHY, ETC. NOTE | |
| Bibliography, etc | Includes Bibliography: p. 452-467. and index. |
| 610 10 - SUBJECT ADDED ENTRY--CORPORATE NAME | |
| Corporate name or jurisdiction name as entry element | United States. |
| Subordinate unit | Congress. |
| 830 #0 - SERIES ADDED ENTRY--UNIFORM TITLE | |
| Uniform title | Dorsey series in political science |
| 942 ## - ADDED ENTRY ELEMENTS (KOHA) | |
| Source of classification or shelving scheme | Dewey Decimal Classification |
| Koha item type | Books |
| Lost status | Source of classification or shelving scheme | Damaged status | Not for loan | Collection code | Permanent Location | Current Location | Shelving location | Date acquired | Source of acquisition | Total Checkouts | Full call number | Date last seen | Copy number | Koha item type |
|---|---|---|---|---|---|---|---|---|---|---|---|---|---|---|
| Dewey Decimal Classification | Non-fiction | Central Library, University of Rajshahi | Central Library, University of Rajshahi | 06/07/1985 | Asia Foundation | 328.73 JOU 1982 | 11/06/2016 | C-2 | Books | |||||
| Dewey Decimal Classification | Non-fiction | Central Library, University of Rajshahi | Central Library, University of Rajshahi | 06/07/1985 | Asia Foundation | 328.73 JOU 1982 | 11/06/2016 | C-3 | Books | |||||
| Dewey Decimal Classification | Not For Loan | Non-fiction | Central Library, University of Rajshahi | Central Library, University of Rajshahi | Reading Room | 06/07/1985 | Asia foundation | 328.73 JOU 1982 | 19/12/2016 | C-1 | Books |